Prameny k dějinám československého práva 1918-1989 /

Main Author: Valentová, Vendulka
Corporate Author: Československo.
Other Authors: Lojek, Antonín
Language: Czech
Published: Plzeň : Vydavatelství a nakladatelství Aleš Čeněk, s.r.o., 2023
Series: Dokumenty (Vydavatelství a nakladatelství Aleš Čeněk)
Subjects:
Physical Description: 406 stran ; 23 cm
Language note: Anglické resumé
Book
Saved in:
LEADER 02219nam a2200565 i 4500
001 nkc20223476811
003 CZ PrNK
005 20230920121259.0
007 ta
008 221210s2023 xr e p 000 0 cze
015 |a cnb003476811 
020 |a 978-80-7380-908-9  |q (brožováno) 
035 |a (OCoLC)1375350411 
040 |a ABA001  |b cze  |e rda 
041 0 |a cze  |b eng 
043 |a e-cs--- 
045 |a x1x8 
072 7 |a 34  |x Právo  |2 Konspekt  |9 16 
072 7 |a 37.016  |x Učební osnovy. Vyučovací předměty. Učebnice  |2 Konspekt  |9 22 
080 |a 34(091)  |2 MRF 
080 |a 34  |2 MRF 
080 |a (437)  |2 MRF 
080 |a (075.8)  |2 MRF 
100 1 |a Valentová, Vendulka  |7 zcu2015884740  |4 aut 
245 1 0 |a Prameny k dějinám československého práva 1918-1989 /  |c Vendulka Valentová, Antonín Lojek 
264 1 |a Plzeň :  |b Vydavatelství a nakladatelství Aleš Čeněk, s.r.o.,  |c 2023 
300 |a 406 stran ;  |c 23 cm 
336 |a text  |b txt  |2 rdacontent 
337 |a bez média  |b n  |2 rdamedia 
338 |a svazek  |b nc  |2 rdacarrier 
490 1 |a Dokumenty 
504 |a Obsahuje bibliografické odkazy 
546 |a Anglické resumé 
648 7 |a 1918-1989  |7 ch983506  |2 czenas 
650 0 7 |a právní dějiny  |7 ph164957  |z Československo  |y 1918-1989  |2 czenas 
650 0 7 |a právní předpisy  |7 ph124717  |z Československo  |y 1918-1989  |2 czenas 
650 0 9 |a history of law  |z Czechoslovakia  |y 1918-1989  |2 eczenas 
650 0 9 |a legal regulations  |z Czechoslovakia  |y 1918-1989  |2 eczenas 
655 7 |a učebnice vysokých škol  |7 fd133772  |2 czenas 
655 9 |a textbooks (higher)  |2 eczenas 
700 1 |a Lojek, Antonín  |7 hka2011634832  |4 aut 
710 1 2 |a Československo.  |t Ústavní zákony  |7 kon2007431914 
710 1 2 |a Československo.  |t Správní právo  |7 kon20201094421 
710 1 2 |a Československo.  |t Občanské právo  |7 kon20231179968 
830 0 |a Dokumenty (Vydavatelství a nakladatelství Aleš Čeněk)  |0 s 
910 2 |a BOA001  |b 2-1506.688 
990 |a BK 
995 |a 01 
996 6 |b 2610936930  |c 2-1506.688  |l MZK  |r Sklad / do 1 hodiny  |n 0  |p p.v.  |w 001922470  |u 000010  |a 1  |e BOA001  |j MZK50  |s P 
996 7 |b 2610938710  |c 2-1506.688  |l Vol.výběr  |r VV 0p  |n 1  |p kup  |h 34 VAL  |w 001922470  |u 000020  |a 0  |e BOA001  |j MZK50  |s A